Spevom hučte, doliny Soš.4. Ešte sa raz obzrieť mám ...

Bibliographic Details
Main Author: Schneider-Trnavský, Mikuláš, 1881-1958 (Author)
Format: Book
Language:English
Published: Bratislava Slovenské hudobné vydavateľstvo 1951

MARC

LEADER 00000nam a2200000 a 4500
001 vtls009968760
003 SK-MaSNL
005 20260301172123.0
008 240314 000 0 eng
040 |a SNK  |b slo  |c SNK  |e AACR2 
100 1 |a Schneider-Trnavský, Mikuláš,  |d 1881-1958  |4 aut  |9 251793 
245 1 0 |a Spevom hučte, doliny  |n Soš.4.  |p Ešte sa raz obzrieť mám ... 
260 |a Bratislava  |b Slovenské hudobné vydavateľstvo  |c 1951 
999 |c 832413  |d 834343 
952 |a SNK  |b SNK  |y PREZ  |7 0  |p 17A0624810  |o snkHSB 4278/4  |i snkHSP 338/56  |3 rekatalogizácia  |0 0  |1 0  |4 0  |d 2009-11-11  |l 0  |r 2026-02-24 03:42:56  |w 2026-02-24 
952 |a SNK  |b SNK  |y VYP  |7 0  |p 17A0618557  |o snkHSB 4278/4 D1  |i snkVII.418/51  |0 0  |1 0  |4 0  |d 2009-11-11  |l 0  |r 2026-02-24 03:42:56  |w 2026-02-24 
952 |a SNK  |b SNK  |y VYP  |7 0  |p 17A0618567  |o snkHSB 4278/4 D2  |i snkF 3016/63  |8 5  |0 0  |1 0  |4 0  |d 2009-11-11  |l 0  |r 2026-02-24 03:42:56  |w 2026-02-24